Online
Catalog
Normal view MARC view

Entry Nombre personal

Number of records used in: 9

001 - NÚMERO DE CONTROL

  • campo de control: 85187

003 - IDENTIFICADOR DEL NÚMERO DE CONTROL

  • campo de control: BNPHU

005 - FECHA Y HORA DE LA ÚLTIMA TRANSACCIÓN

  • campo de control: 20240704115502.0

008 - DATOS DE LONGITUD FIJA

  • campo de control de longitud fija: 240411|| aca||aabn | a|a d

040 ## - FUENTE DE LA CATALOGACIÓN

  • Centro catalogador/agencia de origen: DO-SdBNP
  • Lengua de catalogación: spa
  • Centro/agencia transcriptor: BNPHU
  • Normas de descripción: rda

100 1# - ENCABEZAMIENTO-NOMBRE DE PERSONA

  • Nombre de persona: Inirio, Juan
  • Fechas asociadas al nombre: 1991

370 ## - LUGAR ASOCIADO

  • Lugar de nacimiento: La Romana (República Dominicana)

372 ## - CAMPO DE ACTIVIDAD

  • Campo de actividad: Docencia
  • Campo de actividad: Activismo político
  • Campo de actividad: Gestión cultural

374 ## - OCUPACIÓN

  • Ocupación: Profesor

375 ## - GÉNERO/SEXO

  • Género/Sexo: Masculino

377 ## - LENGUA/LENGUAJE ASOCIADO

  • Código del idioma: spa

400 1# - TRAZADO DE VÉASE--NOMBRE DE PERSONA

  • Nombre de persona: Hernández Inirio, Juan Antonio,
  • Fechas asociadas al nombre: 1991-

400 1# - TRAZADO DE VÉASE--NOMBRE DE PERSONA

  • Nombre de persona: Hernández, Juan Antonio Inirio,
  • Fechas asociadas al nombre: 1991-

670 ## - FUENTE DE DATOS ENCONTRADOS

  • Cita de la fuente: Work cat.: (DO-SdBNP)56340: Santos, Melindo de los, autor 85186, Síndrome de eternidad /

670 ## - FUENTE DE DATOS ENCONTRADOS

  • Cita de la fuente: Inirio, Juan. Vigilia en el desierto. Santo Domingo : Santuario, 2024.124p.

Powered by Koha